00612nam a2200169Ia 4500003000900000008004100009020001800050040001600068080001700084100001800101245017100119260003600290300001500326650003400341650004100375650002600416IN-BaIIA211028s9999 xx 000 0 eng d a0-86961-109-7 cIIA Library a52(091)bWAR aWarner, Brian 0aAstronomers at the royal observatory cape of good hopeba history with emphasis on the nineteenth centurycBrian Warner  aCape Town,bA. A. Balkemac1979 axii, 132p. aAstronomers-Cape of Good Hope aAstronomy and Astrophysics Thesaurus aHistory-Observatories